Археология оружия (Запись № 864818)

Подробности
000 -МАРКЕР
контрольное поле 01216nam0a2200289 4500
001 - ИДЕНТИФИКАТОР ЗАПИСИ
контрольное поле RU\NLR\bibl\1061457
005 - ИДЕНТИФИКАТОР ВЕРСИИ
контрольное поле 20260405134805.0
010 ## - МЕЖДУНАРОДНЫЙ СТАНДАРТНЫЙ НОМЕР КНИГИ (ISBN)
Номер (ISBN) 5-9524-0968-7
Тираж 4000
035 ## - ДРУГИЕ СИСТЕМНЫЕ НОМЕРА
Идентификатор записи (NLR Aleph) 001048724
100 ## - ДАННЫЕ ОБЩЕЙ ОБРАБОТКИ
Данные общей обработки 20070320d2006 |||y0rusy50 ca
101 1# - ЯЗЫК РЕСУРСА
Язык текста, звукозаписи и т.д. русский
Язык оригинала английский
102 ## - СТРАНА ПУБЛИКАЦИИ ИЛИ ПРОИЗВОДСТВА
Страна публикации Российская Федерация
105 ## - ПОЛЕ КОДИРОВАННЫХ ДАННЫХ: ТЕКСТОВЫЕ МАТЕРИАЛЫ, МОНОГРАФИЧЕСКИЕ
Кодированные данные о монографическом текстовом документе a |||||||||
200 1# - ЗАГЛАВИЕ И СВЕДЕНИЯ ОБ ОТВЕТСТВЕННОСТИ
Основное заглавие Археология оружия
Сведения, относящиеся к заглавию от бронзового века до эпохи Ренессанса
Первые сведения об ответственности Эварт Окшотт
Последующие сведения об ответственности [пер. с англ. М.К. Якушиной]
210 ## - ПУБЛИКАЦИЯ, РАСПРОСТРАНЕНИЕ И ДР.
Место издания, распространения и т.д. Москва
Имя издателя, распространителя и т. д. Центрполиграф
Дата издания, распространения и т.д. 2006
215 ## - ФИЗИЧЕСКАЯ ХАРАКТЕРИСТИКА
Специфическое обозначение материала и объем 388,[10] с., [12] л. ил.
Другие сведения о физической характеристике ил., карт.
Размеры 21
300 ## - ОБЩИЕ ПРИМЕЧАНИЯ
Текст примечания Загл. и авт. ориг.: The archaeology of weapons/R. Ewart Ofkeshott
454 #0 - ОРИГИНАЛ (ПЕРЕВОДА)
Встроенное поле 2001#$aThe archaeology of weapons$zeng
-- 700#1$aOakeshott$bE. R.$gEwart R.$4070
Заглавие The archaeology of weapons
Автор Oakeshott, Ewart R.
606 0# - НАИМЕНОВАНИЕ ТЕМЫ КАК ПРЕДМЕТ
Наименование темы Оружие
Тематический подзаголовок История
Системный номер авторитетной/нормативной записи 1288986
Идентификатор авторитетной/нормативной записи RU\NLR\auth\66214962
686 ## - ИНДЕКСЫ ДРУГИХ КЛАССИФИКАЦИЙ
Индекс Ц9г(0)
700 #1 - ИМЯ ЛИЦА - ПЕРВИЧНАЯ ОТВЕТСТВЕННОСТЬ
Код отношения Автор
Материалы, к которым относится поле rus
Графика поля Кириллица
Начальный элемент ввода Окшотт
Часть имени, кроме начального элемента ввода Э.
Расширение инициалов личного имени Эварт
Идентификатор авторитетной/нормативной записи RU\NLR\auth\7755255
Системный номер авторитетной/нормативной записи 38187
801 #0 - ИСТОЧНИК ЗАПИСИ
Страна Российская Федерация
Организация NLR
Дата составления 20070320
Правила каталогизации RCR
801 #1 - ИСТОЧНИК ЗАПИСИ
Страна Российская Федерация
Организация NLR
Дата составления 20070320
942 ## - ДОПОЛНИТЕЛЬНЫЕ ЭЛЕМЕНТЫ ЗАПИСИ (АБИС)
Тип экземпляра АБИС Книга
980 ## - КОЛЛЕКЦИЯ
Название коллекции Национальная библиография
Экземпляры
Тип экземпляра Дата поступления Источник поступления Стоимость Библиотека постоянного хранения Библиотека текущего хранения Место хранения Шифр хранения Штрих-код Статус экземпляра
Книга 20.03.2007 Покупка 156.40 РНБ (Московский) РНБ (Московский) Русский книжный фонд: издания с 1957 года 2007-3/8712 1-257894  
Книга 20.03.2007 Подсобные фонды РНБ   РНБ (Московский) РНБ (Московский) Фонд общего зала социально-экономической литературы   2390907  
Книга 20.03.2007 Покупка 156.40 РНБ (Садовая) РНБ (Садовая) Универсальный читальный зал У Ц9/О-529 1-145872